00350nam a2200133 a 45000010010000000030011000100080041000210350026000620820014000881000018001022450033001202600039001536500024001920000-9017ELIB.Books110520 1969  a(ELIB.Books)0000-9166 a242 bNee aNee, Watchman aTwelve Baskets Full. Vol-III bHong Kong: Church Book Room c1969 aDevotional Theology